书目信息 |
| 题名: |
向雅思流程图说YES!
|
|
| 作者: | 凉月 编著 | |
| 分册: | ||
| 出版信息: | 北京 中国人民大学出版社 2011.01 |
|
| 页数: | 225页 | |
| 开本: | 21cm | |
| 丛书名: | ||
| 单 册: | ||
| 中图分类: | H310.41 | |
| 科图分类: | ||
| 主题词: | 英语 , 英语--高等教育--自学参考资料 | |
| 电子资源: | ||
| ISBN: | 978-7-300-13167-2 | |
| 000 | 00996nam0 2200277 450 | |
| 001 | 1240326275 | |
| 005 | 20120108100824.39 | |
| 010 | @a978-7-300-13167-2@dCNY20.00 | |
| 049 | @aA210100SYT@bUCS01004787948@c012004535614 | |
| 090 | @aH31@bly | |
| 096 | @aH31@bly | |
| 100 | @a20110322d2011 em y0chiy50 ea | |
| 101 | 0 | @achi@aeng |
| 102 | @aCN@b110000 | |
| 105 | @aa z 000yy | |
| 200 | 1 | @a向雅思流程图说YES!@9xiang ya si liu cheng tu shuo YES@b专著@dSay yes to IELTS process diagram@f凉月编著@zeng |
| 210 | @a北京@c中国人民大学出版社@d2011.01 | |
| 215 | @a225页@c图@d21cm | |
| 330 | @a本书共分六篇,包括与雅思流程图类小作文亲密接触、照猫画虎——轻松瓦解流程图小作文、建议装置的说明书——功能图小作文快速突破、各分数段考生范文与讲评等。 | |
| 510 | 1 | @aSay yes to IELTS process diagram@zeng |
| 606 | 0 | @a英语 |
| 606 | 0 | @a英语@x高等教育@j自学参考资料 |
| 690 | @aH310.41@v4 | |
| 701 | 0 | @a凉月@9liang yue@4编著 |
| 801 | 0 | @aCN@b110120@c20110224 |
| 905 | @aZUCC@dH310.41@eL394 | |
| 向雅思流程图说YES!=Say yes to IELTS process diagram/凉月编著.-北京:中国人民大学出版社,2011.01 |
| 225页:图;21cm |
| ISBN 978-7-300-13167-2:CNY20.00 |
| 本书共分六篇,包括与雅思流程图类小作文亲密接触、照猫画虎——轻松瓦解流程图小作文、建议装置的说明书——功能图小作文快速突破、各分数段考生范文与讲评等。 |
| ● |
| 相关链接 |
|
|
|
正题名:向雅思流程图说YES!
索取号:H310.41/L394
 
预约/预借
| 序号 | 登录号 | 条形码 | 馆藏地/架位号 | 状态 | 备注 |
| 1 | 479988 | 204799888 | 语言库209/209语言库 95排3列2层/ [索取号:H310.41/L394] | 在馆 | |
| 2 | 479989 | 204799897 | 语言库209/209语言库 95排3列2层/ [索取号:H310.41/L394] | 在馆 | |
| 3 | 479990 | 204799904 | 语言库209/209语言库 95排3列2层/ [索取号:H310.41/L394] | 在馆 |